Catálogo
 En Linea

Panorama de la poesie haitienne / (Registro nro. 24380)

Detalles MARC
000 -CABECERA
campo de control de longitud fija 00567nam a2200181 a 4500
001 - NÚMERO DE CONTROL
campo de control 000024887
005 - FECHA Y HORA DE LA ÚLTIMA TRANSACCIÓN
campo de control 20200930023429.0
008 - DATOS DE LONGITUD FIJA--INFORMACIÓN GENERAL
campo de control de longitud fija 110207s1950 ht r 000 0 hat d
040 ## - FUENTE DE LA CATALOGACIÓN
Centro catalogador/agencia de origen DO-SdBNP
Lengua de catalogación spa
Centro/agencia transcriptor BNPHU
082 ## - NÚMERO DE LA CLASIFICACIÓN DECIMAL DEWEY
Número de clasificación xxxx
Número de documento/Ítem S231p
049 ## - FONDOS LOCALES (OCLC)
Fondos de biblioteca BNGR
100 1# - ENTRADA PRINCIPAL--NOMBRE DE PERSONA
Nombre de persona St.-Louis, Carlos
9 (RLIN) 51078
245 10 - MENCIÓN DE TÍTULO
Título Panorama de la poesie haitienne /
Mención de responsabilidad, etc. carlos St.-Louis , Maurice A. Lubin.
260 ## - PUBLICACIÓN, DISTRIBUCIÓN, ETC.
Lugar de publicación, distribución, etc. Puerto Principe :
Nombre del editor, distribuidor, etc. Henri Deschamps,
Fecha de publicación, distribución, etc. 1950.
300 ## - DESCRIPCIÓN FÍSICA
Extensión vi, 635 p. ;
Dimensiones 20.5 cm.
500 ## - NOTA GENERAL
Nota general Incluye notas al pie de las páginas.
700 1# - PUNTO DE ACCESO ADICIONAL--NOMBRE DE PERSONA
Nombre de persona Lubin, Maurice A.
9 (RLIN) 51079
Existencias
Estado de retiro Estado de pérdida Restricciones de uso No para préstamo Código de colección Localización permanente Ubicación/localización actual Ubicación en estantería Fecha de adquisición Número de inventario Total de préstamos Signatura topográfica completa Código de barras Fecha visto por última vez Precio válido a partir de Tipo de ítem Koha
        Monografías: Libros y Folletos General General En catalogación 07.02.2011 LF1   xxxx S231p 24887-10 25.06.2020 25.06.2020 Préstamo en sala

Con tecnología Koha